| 000 | 00598nam a2200241Ia 4500 | ||
|---|---|---|---|
| 003 | OSt | ||
| 005 | 20140414095541.0 | ||
| 008 | 140130s9999 xx 000 0 und d | ||
| 020 | _a9780439140386 | ||
| 050 |
_aPZ 7 _b.B7633Clsb 2000 |
||
| 100 | _aBridwell, Norman. | ||
| 245 |
_cNorman Bridwell. _aClifford to the rescue / |
||
| 260 |
_bScholastic Inc., _cc2000. _aUSA : |
||
| 300 |
_a30 p. : _bcol. ill. ; _c23 cm. |
||
| 440 | _v1 | ||
| 521 | _aBR | ||
| 526 | _c170 | ||
| 650 |
_aDogs _xFiction. |
||
| 650 |
_aHeroes _xFiction. |
||
| 942 |
_cBK _2lcc |
||
| 999 |
_c39903 _d39903 |
||